[Event "London league"]
[Site "?"]
[Date "1982.01.19"]
[Round "?"]
[White "Williams, T."]
[Black "Stebbings, A."]
[Result "0-1"]
[WhiteElo "2160"]
[BlackElo "2256"]
[PlyCount "118"]
[EventDate "1982.??.??"]

1. c4 Nf6 2. Nc3 d5 3. cxd5 Nxd5 4. g3 c5 5. Bg2 Nc7 6. Nf3 Nc6 7. O-O e5 8. b3
Be7 9. Ne1 Bg4 10. h3 Bf5 11. Bb2 Qd7 12. Kh2 O-O 13. d3 Rad8 14. Nc2 b6 15.
Ne3 Be6 16. f4 exf4 17. gxf4 f5 18. Rf2 Bh4 19. Rf1 Kh8 20. Qd2 Rfe8 21. Nc4
Bf6 22. Nd1 Bxb2 23. Qxb2 Bd5 24. Rg1 Bxg2 25. Rxg2 Nd5 26. e3 Re7 27. a4 Ndb4
28. Nf2 Nxd3 29. Nxd3 Qxd3 30. Rd2 Qe4 31. Rxd8+ Nxd8 32. Rd1 Nc6 33. Rd6 Kg8
34. Qd2 h6 35. Rd5 Kh7 36. Qg2 Nb4 37. Qxe4 Rxe4 38. Rxf5 Nc2 39. Rf7 Nxe3 40.
Nd6 Rb4 41. f5 Kg8 42. Rxa7 Rxb3 43. Ra8+ Kh7 44. Rc8 Rd3 45. Rc6 Rd2+ 46. Kg1
Nd5 47. Nf7 Ne7 48. Rxb6 Nxf5 49. Rc6 Rc2 50. a5 Nd4 51. Rc8 c4 52. a6 Ra2 53.
Rh8+ Kg6 54. Ne5+ Kh5 55. Rd8 Ne2+ 56. Kf1 c3 57. Rc8 Ng3+ 58. Ke1 Rxa6 59.
Rxc3 Kh4 0-1

[Event "Essex league"]
[Site "?"]
[Date "1982.01.21"]
[Round "?"]
[White "Howson, J."]
[Black "Stebbings, A."]
[Result "1/2-1/2"]
[WhiteElo "2080"]
[BlackElo "2256"]
[PlyCount "63"]
[EventDate "1982.??.??"]

1. e4 c5 2. Nf3 e6 3. Nc3 a6 4. b3 Nc6 5. Bb2 Nf6 6. Be2 Be7 7. O-O O-O 8. d4
cxd4 9. Nxd4 Qc7 10. a3 d6 11. Qd2 Bd7 12. Rfd1 b5 13. Bf3 Rab8 14. Nxc6 Bxc6
15. Qe2 Qb7 16. Rd3 Rfd8 17. Rad1 Rbc8 18. h3 h6 19. Kh2 Qc7 20. g3 Ne8 21. Bg2
Bf6 22. f4 Qb7 23. R1d2 Kf8 24. Nd1 Bxb2 25. Nxb2 Qc7 26. Nd1 Qa5 27. b4 Qc7
28. Nf2 Rd7 29. Ng4 Qb7 30. h4 Rdc7 31. Rd4 Qb6 32. e5 1/2-1/2

[Event "County match"]
[Site "?"]
[Date "1982.01.30"]
[Round "?"]
[White "Stebbings, A."]
[Black "Large, P."]
[Result "1/2-1/2"]
[WhiteElo "2256"]
[BlackElo "2280"]
[PlyCount "80"]
[EventDate "1982.??.??"]

1. c4 e6 2. d4 Nf6 3. Nc3 d5 4. cxd5 exd5 5. Bg5 c6 6. e3 Qb6 7. Bxf6 Qxb2 8.
Qc1 Ba3 9. Nxd5 Qxc1+ 10. Rxc1 gxf6 11. Rc4 Na6 12. Ra4 cxd5 13. Rxa3 Nb4 14.
Bb5+ Bd7 15. Bxd7+ Kxd7 16. Rb3 Nxa2 17. Ne2 Rhc8 18. Kd2 a5 19. Rxb7+ Rc7 20.
Rhb1 Nb4 21. Rxc7+ Kxc7 22. Nc3 Kd6 23. Na4 f5 24. Rc1 Nc6 25. Rb1 Rb8 26. Rxb8
Nxb8 27. Kc3 Kc6 28. Kb3 Nd7 29. Nc3 Nb6 30. Ne2 Kd6 31. Ka3 Ke6 32. Kb3 Kf6
33. Ka3 Kg5 34. Kb3 Kf6 35. Ka3 Ke6 36. h3 Kd6 37. Kb3 Kc6 38. Ng3 f4 39. exf4
Kb5 40. Nf1 a4+ 1/2-1/2

[Event "London league"]
[Site "?"]
[Date "1982.02.03"]
[Round "?"]
[White "Stebbings, A."]
[Black "Kwiatkowski, F."]
[Result "1/2-1/2"]
[WhiteElo "2256"]
[BlackElo "2184"]
[PlyCount "70"]
[EventDate "1982.??.??"]

1. e4 c5 2. Nf3 d6 3. d4 cxd4 4. Nxd4 Nf6 5. Nc3 a6 6. f4 Qc7 7. a4 g6 8. Be2
Bg7 9. O-O Nc6 10. Nb3 O-O 11. Be3 b6 12. Bf3 Bb7 13. Nd5 Nxd5 14. exd5 Na5 15.
Nxa5 bxa5 16. c3 Rab8 17. Qd3 Bc8 18. Rf2 Bf5 19. Qd2 Rb3 20. Bd1 Rb7 21. Rc1
Qc4 22. b3 Qd3 23. Qxd3 Bxd3 24. Rd2 Be4 25. c4 Rc8 26. Kf2 f5 27. g3 Kf7 28.
Ke2 h5 29. h4 Ke8 30. Bf2 Kd7 31. Be3 Bf6 32. Kf2 Bg7 33. Bd4 Bxd4+ 34. Rxd4
Rc5 35. Rc3 Rc8 1/2-1/2

[Event "Kent league"]
[Site "?"]
[Date "1982.02.11"]
[Round "?"]
[White "Stebbings, A."]
[Black "Smith, AP."]
[Result "1-0"]
[WhiteElo "2256"]
[BlackElo "2088"]
[PlyCount "72"]
[EventDate "1982.??.??"]

1. d4 Nf6 2. c4 c5 3. Nf3 cxd4 4. Nxd4 e5 5. Nb5 d5 6. cxd5 Bc5 7. e3 O-O 8.
N5c3 e4 9. a3 Nbd7 10. Nd2 Re8 11. Qc2 Qe7 12. b4 Bd6 13. Nc4 Bb8 14. Bb2 Nf8
15. Rd1 Bf5 16. Be2 Ng6 17. Nb5 Rc8 18. O-O Bd7 19. d6 Qe6 20. Nc7 Bxc7 21.
dxc7 Rxc7 22. Bxf6 gxf6 23. Qd2 Ba4 24. Rc1 Rd7 25. Qb2 b5 26. Na5 Ne5 27. Rc5
a6 28. Rfc1 Nd3 29. Bxd3 exd3 30. Qd2 Bc2 31. Nc6 Re8 32. h3 Rd6 33. Nd4 Rxd4
34. exd4 Qe2 35. R5xc2 dxc2 36. Rxc2 Qe1+ 1-0

[Event "County match"]
[Site "?"]
[Date "1982.02.13"]
[Round "?"]
[White "Byway, P."]
[Black "Stebbings, A."]
[Result "1-0"]
[WhiteElo "2144"]
[BlackElo "2256"]
[PlyCount "73"]
[EventDate "1982.??.??"]

1. e4 c5 2. Nf3 e6 3. d4 cxd4 4. Nxd4 Nc6 5. Nc3 a6 6. Be2 Qc7 7. f4 d6 8. Bf3
Nf6 9. Be3 Bd7 10. Nb3 b5 11. O-O Be7 12. g4 O-O 13. g5 Ne8 14. Kh1 b4 15. Ne2
g6 16. Ng3 Ng7 17. Qd2 e5 18. f5 gxf5 19. exf5 Nxf5 20. Be4 Nxg3+ 21. hxg3 f5
22. Bd5+ Kh8 23. Kg2 Be8 24. Rh1 Bg6 25. Rh4 Kg7 26. Rc4 Be8 27. Rh1 Rh8 28.
Qf2 Qc8 29. Na5 f4 30. Nxc6 Bxg5 31. gxf4 Bxc6 32. Rxc6 Qg4+ 33. Qg3 Qxg3+ 34.
Kxg3 exf4+ 35. Bxf4 Bxf4+ 36. Kxf4 Rhf8+ 37. Kg5 1-0

[Event "Essex league"]
[Site "?"]
[Date "1982.02.18"]
[Round "?"]
[White "Stebbings, A."]
[Black "Bowden, K."]
[Result "1/2-1/2"]
[WhiteElo "2256"]
[BlackElo "2176"]
[PlyCount "38"]
[EventDate "1982.??.??"]

1. d4 d5 2. c4 c6 3. Nc3 Nf6 4. e3 g6 5. Nf3 Bg7 6. Bd3 O-O 7. O-O Bg4 8. h3
Bxf3 9. Qxf3 Re8 10. b3 e5 11. dxe5 Nfd7 12. cxd5 Nxe5 13. Qd1 cxd5 14. Bb5
Nec6 15. Bb2 a6 16. Bxc6 Nxc6 17. Qd2 d4 18. exd4 Nxd4 19. Rad1 Qa5 1/2-1/2

[Event "London league"]
[Site "?"]
[Date "1982.02.19"]
[Round "?"]
[White "Stebbings, A."]
[Black "Staples, M."]
[Result "1-0"]
[WhiteElo "2256"]
[BlackElo "2208"]
[PlyCount "65"]
[EventDate "1982.??.??"]

1. c4 e6 2. d4 d5 3. Nc3 c6 4. e3 Nf6 5. Nf3 Nbd7 6. Qc2 Bd6 7. Bd2 O-O 8.
O-O-O Qe7 9. e4 dxe4 10. Nxe4 Nxe4 11. Qxe4 e5 12. Bg5 f6 13. Bd3 g6 14. Bh6
Re8 15. c5 exd4 16. Qxe7 Bxe7 17. Bc4+ Kh8 18. Rhe1 Ne5 19. Nxe5 fxe5 20. Rxe5
Bd7 21. Rxd4 Bf6 22. Rxe8+ Bxe8 23. Rd3 b5 24. Be6 Rd8 25. Rxd8 Bxd8 26. Kd2 a5
27. b3 Be7 28. Be3 Kg7 29. Bd4+ Kf8 30. Ke3 Bf7 31. Bxf7 Kxf7 32. Ke4 Ke6 33.
a4 1-0

[Event "County match"]
[Site "?"]
[Date "1982.02.20"]
[Round "?"]
[White "Stebbings, A."]
[Black "Townsend, M."]
[Result "0-1"]
[WhiteElo "2256"]
[BlackElo "2232"]
[PlyCount "64"]
[EventDate "1982.??.??"]

1. c4 e6 2. d4 Nf6 3. Nc3 Bb4 4. e3 b6 5. Nge2 Ba6 6. Ng3 Bxc3+ 7. bxc3 d5 8.
Qf3 O-O 9. cxd5 Qxd5 10. e4 Qb7 11. Bxa6 Qxa6 12. e5 Nd5 13. Ne4 Nd7 14. Ng5 h6
15. h4 hxg5 16. hxg5 Rfd8 17. g6 fxg6 18. Qh3 Kf7 19. Qf3+ Kg8 20. Qh3 Nf8 21.
Qh8+ Kf7 22. Rh3 Ne7 23. Rf3+ Nf5 24. g4 Nh7 25. Qxh7 Rh8 26. Qxh8 Rxh8 27.
gxf5 gxf5 28. a3 Qc4 29. Rb1 Qc6 30. Re3 f4 31. Rd3 Qe4+ 32. Kd2 Rh2 0-1

[Event "Kent league"]
[Site "?"]
[Date "1982.03.05"]
[Round "?"]
[White "Bansal, N."]
[Black "Stebbings, A."]
[Result "0-1"]
[WhiteElo "1624"]
[BlackElo "2256"]
[PlyCount "71"]
[EventDate "1982.??.??"]

1. e4 c5 2. Nf3 e6 3. d4 cxd4 4. Nxd4 Nc6 5. Bf4 d6 6. Nb5 e5 7. Be3 a6 8. N5c3
Nf6 9. Be2 Be7 10. Nd5 Nxd5 11. exd5 Nb8 12. c4 Bg5 13. Qa4+ Nd7 14. O-O Bxe3
15. fxe3 O-O 16. b4 a5 17. a3 Qb6 18. Rf3 e4 19. Rg3 Nc5 20. Qc2 axb4 21. Qb2
f6 22. Nc3 Ra6 23. Nb5 bxa3 24. Rxa3 Bd7 25. Ra1 Rxa1+ 26. Qxa1 Kh8 27. h4 Bxb5
28. cxb5 Qc7 29. Qf1 Qe7 30. Qf4 Ra8 31. Qf5 Qe5 32. Qg4 Rg8 33. h5 Qxd5 34. h6
g6 35. Qh4 Rf8 36. Qf4 0-1

[Event "London league"]
[Site "?"]
[Date "1982.03.12"]
[Round "?"]
[White "Stebbings, A."]
[Black "Pigott, J."]
[Result "1-0"]
[WhiteElo "2256"]
[BlackElo "2336"]
[PlyCount "45"]
[EventDate "1982.??.??"]

1. c4 Nf6 2. Nc3 c5 3. Nf3 e6 4. d4 cxd4 5. Nxd4 Bb4 6. g3 O-O 7. Bg2 d5 8.
cxd5 Nxd5 9. Bd2 Bxc3 10. bxc3 e5 11. Nb3 Nc6 12. O-O Nb6 13. Be3 Qf6 14. Qd3
Rd8 15. Qb5 Ne7 16. Bxb6 axb6 17. Rfd1 Ng6 18. a4 Nf8 19. a5 bxa5 20. Nxa5
Rxd1+ 21. Rxd1 h6 22. Nc4 Bg4 23. Nxe5 1-0

[Event "National Club ch."]
[Site "?"]
[Date "1982.03.21"]
[Round "?"]
[White "Wheatley, T."]
[Black "Stebbings, A."]
[Result "0-1"]
[WhiteElo "2104"]
[BlackElo "2256"]
[PlyCount "36"]
[EventDate "1982.??.??"]

1. Nf3 d5 2. b3 Bg4 3. Ne5 Bh5 4. Bb2 Nd7 5. g4 Nxe5 6. gxh5 Qd6 7. e3 O-O-O 8.
Be2 Nf6 9. d3 g6 10. Nd2 Bg7 11. hxg6 hxg6 12. Nf1 Rh7 13. d4 Nc6 14. c4 e5 15.
dxe5 Nxe5 16. Qd2 Ne4 17. Qa5 Nc6 18. Qa3 Qxa3 0-1

[Event "London league"]
[Site "?"]
[Date "1982.03.23"]
[Round "?"]
[White "Stebbings, A."]
[Black "Watson, W."]
[Result "1/2-1/2"]
[WhiteElo "2256"]
[BlackElo "2328"]
[PlyCount "60"]
[EventDate "1982.??.??"]

1. c4 Nf6 2. Nc3 d6 3. d4 g6 4. e4 Bg7 5. f3 a6 6. Be3 Nc6 7. Nge2 Rb8 8. Nc1
e5 9. Nb3 exd4 10. Nxd4 Nh5 11. Qd2 Bd7 12. Be2 b5 13. cxb5 Nxd4 14. Bxd4 axb5
15. O-O Nf6 16. Nd5 O-O 17. Rfd1 Be6 18. Nxf6+ Bxf6 19. b4 Bxd4+ 20. Qxd4 Qg5
21. Qd2 Qe7 22. Rac1 Rfd8 23. Qc2 d5 24. Qxc7 Qxb4 25. exd5 Rbc8 26. Rb1 Rxc7
27. Rxb4 Rxd5 28. Rxd5 Bxd5 29. Rxb5 Bxa2 30. Rb2 Be6 1/2-1/2

[Event "Essex league"]
[Site "?"]
[Date "1982.04.02"]
[Round "?"]
[White "Stebbings, A."]
[Black "Twyble, M."]
[Result "0-1"]
[WhiteElo "2256"]
[BlackElo "2112"]
[PlyCount "76"]
[EventDate "1982.??.??"]

1. d4 Nf6 2. c4 g6 3. Nc3 Bg7 4. e4 d6 5. f3 O-O 6. Be3 Nc6 7. Nge2 a6 8. Qd2
Re8 9. a3 Bd7 10. b4 b5 11. cxb5 axb5 12. Nxb5 Qb8 13. Nc1 Nxb4 14. Qxb4 c6 15.
Bd3 cxb5 16. O-O Ra4 17. Qb3 b4 18. Rb1 Rxa3 19. Qxb4 Qxb4 20. Rxb4 Bc8 21. Rb3
Ra8 22. Ne2 Ba6 23. Bxa6 Rxa6 24. Rc1 Rea8 25. Rc7 R6a7 26. Rxa7 Rxa7 27. Rb8+
Bf8 28. Bh6 Nd7 29. Nc3 f6 30. Rc8 Kf7 31. Be3 Bg7 32. Nb5 Rb7 33. Nc3 f5 34.
d5 Nc5 35. Bxc5 dxc5 36. Rc6 Bd4+ 37. Kf1 Bxc3 38. Rxc5 Be5 0-1

[Event "Essex league"]
[Site "?"]
[Date "1982.04.15"]
[Round "?"]
[White "Stebbings, A."]
[Black "Carr, N."]
[Result "1-0"]
[WhiteElo "2256"]
[BlackElo "2120"]
[PlyCount "71"]
[EventDate "1982.??.??"]

1. e4 Nc6 2. Nf3 d6 3. d4 g6 4. d5 Ne5 5. Nxe5 dxe5 6. Bb5+ Bd7 7. Bxd7+ Qxd7
8. c4 Bg7 9. Nc3 Nf6 10. O-O O-O 11. f3 e6 12. Be3 Rfd8 13. Qb3 exd5 14. cxd5
b6 15. Rac1 Ne8 16. Nb5 a6 17. Na3 h6 18. Rc6 Kh7 19. Rfc1 f5 20. Nc4 Rab8 21.
Re6 Nd6 22. Nxd6 cxd6 23. exf5 gxf5 24. Rc6 Qf7 25. Rexd6 Rxd6 26. Rxd6 e4 27.
fxe4 fxe4 28. Qc2 Kg8 29. Qxe4 Re8 30. Re6 Rf8 31. h3 Qh5 32. Qg4 Qxd5 33. Bxh6
Rf7 34. Re8+ Kh7 35. Bxg7 Rxg7 36. Qe4+ 1-0

[Event "Essex league"]
[Site "?"]
[Date "1982.04.18"]
[Round "?"]
[White "Stebbings, A."]
[Black "Birleson, P."]
[Result "1-0"]
[WhiteElo "2256"]
[BlackElo "1968"]
[PlyCount "120"]
[EventDate "1982.??.??"]

1. e4 c5 2. Nf3 d6 3. d4 cxd4 4. Nxd4 Nf6 5. Nc3 a6 6. f4 b5 7. e5 b4 8. Qf3 d5
9. exf6 bxc3 10. fxg7 Bxg7 11. Qxc3 Bd7 12. Be3 Nc6 13. Qd2 Na5 14. Be2 Rg8 15.
O-O Bf6 16. Kh1 Qc7 17. b3 Bg4 18. Rac1 Nc6 19. Bxg4 Rxg4 20. c4 Bxd4 21. Bxd4
dxc4 22. Rxc4 Qb7 23. Qe2 Rg6 24. Qe4 Na5 25. Qxb7 Nxb7 26. Rfc1 Nd6 27. Rc6
Nb5 28. Be3 Kd7 29. R6c2 f5 30. Bc5 Rc8 31. a4 Nd6 32. Bxd6 Rxc2 33. Rxc2 Rxd6
34. Kg1 Rd3 35. Rc5 e6 36. Ra5 Rd6 37. b4 Rb6 38. b5 axb5 39. Rxb5 Ra6 40. a5
Kc6 41. Re5 Kd6 42. Kf2 Rc6 43. Rb5 Rc2+ 44. Kg3 Ra2 45. Rb6+ Kd5 46. Ra6 Ra4
47. Ra8 h6 48. a6 Ke4 49. a7 Ra3+ 50. Kh4 Kxf4 51. Kh5 e5 52. Kxh6 Ra6+ 53. Kh5
Ke4 54. Kg5 Ra2 55. g3 Ra3 56. Kf6 Ra6+ 57. Kg5 Ra3 58. Kh5 Ra2 59. h4 Ra6 60.
Kg5 Ra3 1-0

[Event "London league"]
[Site "?"]
[Date "1982.04.20"]
[Round "?"]
[White "Stebbings, A."]
[Black "O'Kelly, R."]
[Result "1/2-1/2"]
[WhiteElo "2256"]
[BlackElo "2184"]
[PlyCount "38"]
[EventDate "1982.??.??"]

1. d4 d5 2. c4 dxc4 3. e4 e5 4. Nf3 exd4 5. Bxc4 Nc6 6. O-O Nf6 7. Ng5 Ne5 8.
Bb3 Bg4 9. Qc2 Bh5 10. f4 d3 11. Qc3 Nc6 12. e5 Nd5 13. Qxd3 Bc5+ 14. Kh1 Ne3
15. Qxd8+ Rxd8 16. Re1 Ng4 17. Ne4 Nf2+ 18. Nxf2 Bxf2 19. Rf1 Bb6 1/2-1/2

[Event "Essex league"]
[Site "?"]
[Date "1982.04.30"]
[Round "?"]
[White "Thomas, B."]
[Black "Stebbings, A."]
[Result "0-1"]
[WhiteElo "2112"]
[BlackElo "2256"]
[PlyCount "50"]
[EventDate "1982.??.??"]

1. e4 c5 2. Nf3 e6 3. c3 Nf6 4. e5 Nd5 5. d4 cxd4 6. cxd4 d6 7. a3 Nd7 8. Nc3
Nxc3 9. bxc3 dxe5 10. dxe5 Qa5 11. Be2 Nxe5 12. Nxe5 Qxe5 13. O-O Be7 14. Be3
O-O 15. Bd4 Qc7 16. Bd3 e5 17. Be3 Be6 18. Qe2 Rfd8 19. c4 Rac8 20. Rfc1 Bc5
21. Bg5 f6 22. Bh4 Rd4 23. Bg3 Qd7 24. Rd1 Bg4 25. Qc2 Bxd1 0-1

[Event "National Club ch."]
[Site "?"]
[Date "1982.05.09"]
[Round "?"]
[White "Stebbings, A."]
[Black "Cummings, D."]
[Result "0-1"]
[WhiteElo "2176"]
[BlackElo "2336"]
[PlyCount "76"]
[EventDate "1982.??.??"]

1. c4 Nf6 2. Nc3 c5 3. Nf3 b6 4. d4 cxd4 5. Nxd4 Bb7 6. f3 d6 7. e4 e6 8. Be2
Be7 9. O-O O-O 10. Be3 a6 11. Qd2 Nbd7 12. Rfd1 Qc7 13. Rac1 Rac8 14. b3 Qb8
15. Bf1 Rfe8 16. Qf2 Bf8 17. Kh1 Ne5 18. h3 Ba8 19. a4 Ng6 20. Rc2 h6 21. Rdc1
Nd7 22. b4 Nge5 23. Nd1 Nf6 24. Nb3 d5 25. cxd5 exd5 26. Rxc8 Rxc8 27. Bxa6
Rxc1 28. Nxc1 dxe4 29. f4 Nc6 30. Bxb6 Nxb4 31. Bb5 e3 32. Bxe3 Ne4 33. Qg1 Bd6
34. Ne2 Nd5 35. Qf1 Nxe3 36. Nxe3 Bc5 37. Ng4 Nd2 38. Qd1 Qb7 0-1

[Event "Kent league"]
[Site "?"]
[Date "1982.05.15"]
[Round "?"]
[White "Stebbings, A."]
[Black "Watson, I."]
[Result "1-0"]
[WhiteElo "2176"]
[BlackElo "2304"]
[PlyCount "49"]
[EventDate "1982.??.??"]

1. e4 Nc6 2. d4 e5 3. dxe5 Nxe5 4. Nc3 Bc5 5. f4 Ng6 6. Nf3 Nf6 7. f5 Ne7 8. e5
Ng4 9. f6 Bf2+ 10. Ke2 Nf5 11. fxg7 Rg8 12. Bg5 Qxg5 13. Nxg5 Nd4+ 14. Kd3 d5
15. Nxd5 Bf5+ 16. Kc3 Rd8 17. Bc4 b5 18. Nf6+ Nxf6 19. Bxf7+ Ke7 20. exf6+ Kxf6
21. Bxg8 b4+ 22. Kc4 Bc8 23. Ne4+ Kxg7 24. Nxf2 c5 25. Kxc5 1-0

[Event "Kent league"]
[Site "?"]
[Date "1982.05.23"]
[Round "?"]
[White "King, D."]
[Black "Stebbings, A."]
[Result "1-0"]
[WhiteElo "2384"]
[BlackElo "2176"]
[PlyCount "65"]
[EventDate "1982.??.??"]

1. Nf3 d5 2. c4 c6 3. d4 e6 4. Nbd2 Nf6 5. g3 c5 6. cxd5 Qxd5 7. Qc2 Nc6 8.
dxc5 Qxc5 9. Qxc5 Bxc5 10. Bg2 Rb8 11. O-O b6 12. Nb3 Bd6 13. Rd1 Ke7 14. Rxd6
Kxd6 15. Bf4+ Ke7 16. Bxb8 Nxb8 17. Rc1 Na6 18. Ne5 Bd7 19. Nd4 Nb8 20. Rc7 Rc8
21. Rxa7 Rc1+ 22. Bf1 Ne4 23. Rb7 Nd2 24. Rxb8 Nxf1 25. Kg2 Be8 26. Rxb6 Nd2
27. f3 f6 28. Rxe6+ Kd8 29. Nec6+ Bxc6 30. Rxc6 Rb1 31. Rc2 Nf1 32. Kf2 Nxh2
33. Nb3 1-0

[Event "Essex league"]
[Site "?"]
[Date "1982.06.01"]
[Round "?"]
[White "Lee, E."]
[Black "Stebbings, A."]
[Result "0-1"]
[WhiteElo "2240"]
[BlackElo "2176"]
[PlyCount "116"]
[EventDate "1982.??.??"]

1. e4 c5 2. c3 Nf6 3. e5 Nd5 4. d4 cxd4 5. Nf3 e6 6. cxd4 d6 7. Nc3 Nxc3 8.
bxc3 Qc7 9. Bd2 Nc6 10. exd6 Bxd6 11. Bd3 e5 12. O-O O-O 13. Ng5 h6 14. Qh5
exd4 15. cxd4 Bf4 16. Nh7 Bxd2 17. Nxf8 Kxf8 18. Rfd1 Bf4 19. g3 Bd6 20. Rac1
Qa5 21. Qxa5 Nxa5 22. Be4 Bd7 23. Rb1 Rb8 24. Rdc1 b6 25. Rc2 Rc8 26. Rxc8+
Bxc8 27. Rc1 Be6 28. Rc2 Ke7 29. f4 f5 30. Bd3 Nb7 31. Kf2 Nd8 32. Ke3 Kf6 33.
Bb5 g6 34. a4 Ke7 35. Kd3 Bd5 36. Re2+ Ne6 37. Kc3 Kf6 38. Bc4 Be4 39. Re3 Nc7
40. Re2 g5 41. fxg5+ hxg5 42. Re1 Bc6 43. Bb3 f4 44. gxf4 gxf4 45. Bd1 Nd5+ 46.
Kd3 Ne3 47. Rxe3 fxe3 48. Kxe3 Bxh2 49. Bb3 Ke7 50. Kd3 Kd6 51. Bd1 Bg1 52. Bb3
Bf2 53. Bd1 b5 54. axb5 Bxb5+ 55. Ke4 a5 56. Bb3 a4 57. Ba2 Be1 58. Ke3 Bc6 0-1

[Event "London league"]
[Site "?"]
[Date "1982.09.15"]
[Round "?"]
[White "Rodericks, S."]
[Black "Stebbings, A."]
[Result "1-0"]
[WhiteElo "2040"]
[BlackElo "2176"]
[PlyCount "62"]
[EventDate "1982.??.??"]

1. c4 Nf6 2. Nc3 d5 3. cxd5 Nxd5 4. g3 c5 5. Bg2 Nc7 6. Nf3 Nc6 7. d3 e5 8. O-O
Be7 9. a4 O-O 10. Nd2 Bd7 11. Nc4 f6 12. b3 Kh8 13. Ra2 Rb8 14. e3 Be6 15. Rd2
Qd7 16. Ne2 Rfd8 17. Bb2 b6 18. f4 exf4 19. Nxf4 Bg4 20. Qa1 a6 21. h3 Be6 22.
Rdf2 b5 23. Nxe6 Qxe6 24. Bxf6 bxc4 25. Bxg7+ Kg8 26. Bh8 Ne8 27. Bxc6 Qxc6 28.
Rf4 Rd6 29. Qe5 Rg6 30. Qxe7 Rxg3+ 31. Kf2 Qg2+ 1-0

[Event "Team match"]
[Site "Wanstead"]
[Date "1982.09.21"]
[Round "?"]
[White "Stebbings, A."]
[Black "Hunnable, I."]
[Result "1-0"]
[WhiteElo "2176"]
[BlackElo "2024"]
[PlyCount "57"]
[EventDate "1982.??.??"]

1. e4 e6 2. d4 d5 3. Nd2 Nf6 4. e5 Nfd7 5. f4 c5 6. c3 Nc6 7. Ndf3 Qb6 8. g3 f6
9. Bh3 Nd8 10. Ne2 cxd4 11. cxd4 Be7 12. O-O O-O 13. Kh1 f5 14. g4 g6 15. Rg1
Kh8 16. gxf5 gxf5 17. Qf1 Rg8 18. Rxg8+ Kxg8 19. Qg2+ Kh8 20. Be3 Nf8 21. Rg1
Ng6 22. Ng5 Bxg5 23. Qxg5 Nf7 24. Qh5 Kg7 25. Bf2 Bd7 26. Bh4 Bb5 27. Bf6+ Kf8
28. Qxh7 Bxe2 29. Rxg6 1-0

[Event "London league"]
[Site "?"]
[Date "1982.09.29"]
[Round "?"]
[White "Stebbings, A."]
[Black "Smith, AP."]
[Result "1/2-1/2"]
[WhiteElo "2176"]
[BlackElo "2136"]
[PlyCount "74"]
[EventDate "1982.??.??"]

1. e4 e6 2. d4 d5 3. Nd2 c5 4. exd5 exd5 5. Ngf3 Nc6 6. Bb5 Bd6 7. dxc5 Bxc5 8.
O-O Nge7 9. Nb3 Bd6 10. Nbd4 O-O 11. Be3 Bg4 12. Qd2 Qc7 13. h3 Bh5 14. Nh4 Bg6
15. Nxg6 hxg6 16. Bxc6 bxc6 17. c4 Qd7 18. Nb3 Nf5 19. cxd5 Nxe3 20. Qxe3 cxd5
21. Rfd1 Rfe8 22. Qd3 Re5 23. Nd4 Rae8 24. Rac1 Rh5 25. Rc2 Re4 26. Re2 Rxe2
27. Qxe2 Bc7 28. Nf3 Bb6 29. Qd3 Qd6 30. Rc1 Qg3 31. Rc2 Rf5 32. Kf1 Qf4 33.
Rd2 Qe4 34. Nd4 Rg5 35. Nf3 Rf5 36. Nd4 Rg5 37. Nf3 Rf5 1/2-1/2

[Event "Essex league"]
[Site "?"]
[Date "1982.10.12"]
[Round "?"]
[White "Coote, T."]
[Black "Stebbings, A."]
[Result "1/2-1/2"]
[WhiteElo "1920"]
[BlackElo "2176"]
[PlyCount "74"]
[EventDate "1982.??.??"]

1. Nf3 d5 2. g3 c6 3. Bg2 Bg4 4. d3 e6 5. Nbd2 Bd6 6. b3 Ne7 7. Bb2 O-O 8. e4
Nd7 9. h3 Bh5 10. O-O a5 11. Re1 a4 12. Nf1 Bb4 13. Re2 a3 14. Bc1 Bc3 15. Rb1
e5 16. g4 Bg6 17. Nh4 f6 18. Ng3 Qb6 19. Kh1 Rfd8 20. Nhf5 Nxf5 21. exf5 Bf7
22. Bd2 Qb4 23. Qe1 Bxd2 24. Rxd2 Nc5 25. Ne2 d4 26. Ng3 Bd5 27. Bxd5+ cxd5 28.
Rbd1 Rac8 29. Nh5 Nd7 30. f4 Re8 31. Qf2 Qd6 32. Rf1 Rf8 33. h4 Rf7 34. Re2 Re8
35. Qg1 Ree7 36. g5 fxg5 37. fxg5 Re8 1/2-1/2

[Event "County match"]
[Site "?"]
[Date "1982.10.16"]
[Round "?"]
[White "Stebbings, A."]
[Black "Kwiatkowski, F."]
[Result "1-0"]
[WhiteElo "2176"]
[BlackElo "2184"]
[PlyCount "81"]
[EventDate "1982.??.??"]

1. d4 Nf6 2. c4 e6 3. Nc3 Bb4 4. e3 c5 5. Nge2 cxd4 6. exd4 O-O 7. a3 Be7 8. d5
exd5 9. cxd5 Bc5 10. Na4 d6 11. b4 Bb6 12. Nxb6 axb6 13. Nc3 Nbd7 14. Be2 Ne5
15. h3 Re8 16. Qd4 Bf5 17. O-O Rc8 18. Be3 Bc2 19. Rfc1 Bb3 20. Bb5 Rf8 21. f4
Nc4 22. Bf2 Qe7 23. a4 Qc7 24. Nb1 Qb8 25. Bxc4 Bxc4 26. Rxc4 Rxc4 27. Qxc4 Rc8
28. Qd4 Rc1+ 29. Kh2 Qc8 30. Na3 Rxa1 31. Qxa1 Nxd5 32. Qd4 Qf5 33. Nb5 Qxf4+
34. Qxf4 Nxf4 35. Nxd6 Nd3 36. Bxb6 Nxb4 37. Nxb7 Na6 38. a5 f6 39. Nc5 Nb8 40.
a6 Nxa6 41. Nxa6 1-0

[Event "London league"]
[Site "?"]
[Date "1982.10.26"]
[Round "?"]
[White "Stebbings, A."]
[Black "Kooiman, B."]
[Result "1/2-1/2"]
[WhiteElo "2176"]
[BlackElo "2032"]
[PlyCount "81"]
[EventDate "1982.??.??"]

1. e4 g6 2. d4 Bg7 3. c3 d6 4. f4 Nd7 5. Nf3 Nh6 6. Bd3 c5 7. Na3 O-O 8. O-O
cxd4 9. cxd4 Qb6 10. Nc4 Qc7 11. Ne3 Nb6 12. h3 d5 13. e5 f5 14. a4 e6 15. Bd2
Rd8 16. a5 Nd7 17. Qb3 Nb8 18. Rfc1 Nc6 19. Bb4 Nf7 20. Qa3 Bf8 21. Bxf8 Rxf8
22. b4 a6 23. Rc5 Qe7 24. b5 axb5 25. Rxb5 Qc7 26. Qc5 Bd7 27. Nc2 Ra7 28. Nd2
Rfa8 29. Nb3 Qd8 30. Nb4 Nxb4 31. Rxb4 Qh4 32. Rf1 Kg7 33. Kh2 h6 34. Rb6 Ba4
35. Qc7 Bxb3 36. Rxb3 Qd8 37. Rc1 b5 38. Qb6 Ra6 39. Qxd8 Nxd8 40. Rc7+ Kf8 41.
Bxb5 1/2-1/2

[Event "Essex league"]
[Site "?"]
[Date "1982.10.28"]
[Round "?"]
[White "Stebbings, A."]
[Black "Nixon, R."]
[Result "1-0"]
[WhiteElo "2176"]
[BlackElo "1880"]
[PlyCount "39"]
[EventDate "1982.??.??"]

1. e4 e5 2. Nf3 Nc6 3. Bb5 a6 4. Ba4 Nf6 5. O-O b5 6. Bb3 Be7 7. d4 exd4 8. e5
Ne4 9. Bd5 Ng5 10. Nxd4 Bb7 11. Nf5 O-O 12. Nc3 g6 13. Nxe7+ Qxe7 14. Re1 Kg7
15. Bf4 b4 16. Ne4 Nxe4 17. Rxe4 Na5 18. Bxb7 Nxb7 19. Qd2 Rfe8 20. Bg5 1-0

[Event "County match"]
[Site "?"]
[Date "1982.10.30"]
[Round "?"]
[White "Taulbut, S."]
[Black "Stebbings, A."]
[Result "1/2-1/2"]
[WhiteElo "2456"]
[BlackElo "2176"]
[PlyCount "57"]
[EventDate "1982.??.??"]

1. e4 c5 2. Nf3 e6 3. b4 b6 4. bxc5 bxc5 5. Nc3 d6 6. Bb5+ Bd7 7. O-O Nc6 8.
Re1 Nge7 9. Rb1 Ng6 10. Bxc6 Bxc6 11. d4 cxd4 12. Nxd4 Qd7 13. Nxc6 Qxc6 14.
Qd5 Ne5 15. Qxc6+ Nxc6 16. Nb5 Rd8 17. Be3 Rd7 18. Nd4 Nd8 19. Rb8 Be7 20. Nc6
Rc7 21. Nxa7 Rxc2 22. a4 Ra2 23. Nc6 Rxa4 24. Nxe7 Kxe7 25. Rc1 Rf8 26. e5 Kd7
27. exd6 e5 28. h3 Ne6 29. Rxf8 1/2-1/2

[Event "London league"]
[Site "?"]
[Date "1982.11.10"]
[Round "?"]
[White "Stebbings, A."]
[Black "Thurlow, K."]
[Result "1-0"]
[WhiteElo "2176"]
[BlackElo "2032"]
[PlyCount "49"]
[EventDate "1982.??.??"]

1. e4 c5 2. Nf3 e6 3. d4 cxd4 4. Nxd4 Bc5 5. Nb3 Bb6 6. Nc3 Ne7 7. Bf4 Nbc6 8.
Bd6 O-O 9. g3 f5 10. Bg2 Bc7 11. f4 Bxd6 12. Qxd6 fxe4 13. Bxe4 Nf5 14. Bxf5
Rxf5 15. O-O-O Qe7 16. Ne4 b6 17. Rhe1 a5 18. a4 Ra7 19. Nd4 Qxd6 20. Nxd6 Rf8
21. N4b5 Ra8 22. Nxc8 Raxc8 23. Rxd7 Nb4 24. c3 Rc6 25. Kb1 1-0